Search the Library Catalogue
| 000 -LEADER | |
|---|---|
| fixed length control field | 00653nam a2200217Ia 4500 |
| 008 - FIXED-LENGTH DATA ELEMENTS--GENERAL INFORMATION | |
| fixed length control field | 191130s2004##################000#0#eng## |
| 020 ## - INTERNATIONAL STANDARD BOOK NUMBER | |
| ISBN | 9783631507445 |
| 082 ## - DEWEY DECIMAL CLASSIFICATION NUMBER | |
| Classification number | 307.76094 ECK |
| 100 ## - MAIN ENTRY--AUTHOR NAME | |
| Personal name | Eckardt, Frank |
| 245 ## - TITLE STATEMENT | |
| Title | Urbanism and globalization |
| Statement of responsibility, etc | Frank Eckardt/Dieter Hassenpflug (eds.) |
| 260 ## - PUBLICATION, DISTRIBUTION, ETC. (IMPRINT) | |
| Place of publication | Bern |
| Name of publisher | Peter Lang |
| Year of publication | 2004 |
| 300 ## - PHYSICAL DESCRIPTION | |
| Number of Pages | 354 p. : ill., maps ; 21 cm |
| 650 ## - SUBJECT ADDED ENTRY--TOPICAL TERM | |
| Topical Term | Cities and towns -- Europe |
| Topical Term | City planning -- Europe |
| Topical Term | Globalization -- Social aspects |
| 700 ## - ADDED ENTRY--PERSONAL NAME | |
| Personal name | Hassenpflug, Dieter |
| 991 ## - | |
| -- | 196886 |
| Withdrawn status | Lost status | Damaged status | Not for loan | Home library | Current library | Shelving location | Date acquired | Full call number | Accession Number | Price effective from | Koha item type |
|---|---|---|---|---|---|---|---|---|---|---|---|
| Anna Centenary Library | Anna Centenary Library | 3RD FLOOR, B WING | 09.10.2020 | 307.76094 ECK | 215794 | 09.10.2020 | English Books |